• 首页
  • 本馆介绍
  • 公告通知
  • 最新文献
  • 馆藏检索
  • 电子资源
  • 读者导购
  • 参考咨询
  • 我的图书馆
  • 登录
  • 详细信息显示
  • 放入我的书架
  • 预约/预借图书
  • 作者相关作品
  • 分类相关作品
  • 丛书相关作品
  • 出版社相关作品

书目信息

  • 表格格式
  • 工作单格式
  • 卡片格式
题名:
互联网时代的银行卡产业变革
    
 
作者: 杨涛 主编
分册:  
出版信息: 北京   经济管理出版社  2016
页数: 201页
开本: 24cm
丛书名: 中国社会科学院金融研究所支付清算研究中心文库
单 册:
中图分类: F832.2
科图分类:
主题词: 银行卡--银行业务--研究--中国
电子资源:
ISBN: 978-7-5096-4648-9
000 01313nam 2200265 450
001 2375159004
005 20231203205330.84
010    @a978-7-5096-4648-9@dCNY68.00
100    @a20161228d2016 em y0chiy50 ea
101 0  @achi
102    @aCN@b110000
105    @aak a 000yy
200 1  @a互联网时代的银行卡产业变革@Ahu lian wang shi dai de yin hang ka chan ye bian ge@d= The reform of bankcard industry ininternet age@f主编杨涛@zeng
210    @a北京@c经济管理出版社@d2016
215    @a201页@c图@d24cm
225 2  @a中国社会科学院金融研究所支付清算研究中心文库@Azhong guo she hui ke xue yuan jin rong yan jiu suo zhi fu qing suan yan jiu zhong xin wen ku
320    @a有书目
330    @a本书由杨涛担任主编, 负责本报告的组织编写、部分内容撰写、统稿和审定。其中, 第一章“支付服务中的委托代理关系研究: 基于对信用卡市场的分析”由程炼作为课题负责人, 楼国强为主要执笔人; 第二章“互联网对银行卡清算模式的冲击和影响”、第三章“关于银行卡产业中平台型经济及定价机制的研究”都由杨涛作为课题负责人, 李鑫为主要执笔人。
410  0 @12001 @a中国社会科学院金融研究所支付清算研究中心文库
510 1  @aReform of bankcard industry ininternet age@zeng
606 0  @a银行卡@x银行业务@x研究@y中国
690    @aF832.2@v5
701  0 @a杨涛@Ayang tao@4主编
801  0 @aCN@b湖北三新@c20161228
905    @aBZT@dF832.2@e17
    
    互联网时代的银行卡产业变革= The reform of bankcard industry ininternet age/主编杨涛.-北京:经济管理出版社,2016
    201页:图;24cm.-(中国社会科学院金融研究所支付清算研究中心文库)
    
    
    ISBN 978-7-5096-4648-9:CNY68.00
    本书由杨涛担任主编, 负责本报告的组织编写、部分内容撰写、统稿和审定。其中, 第一章“支付服务中的委托代理关系研究: 基于对信用卡市场的分析”由程炼作为课题负责人, 楼国强为主要执笔人; 第二章“互联网对银行卡清算模式的冲击和影响”、第三章“关于银行卡产业中平台型经济及定价机制的研究”都由杨涛作为课题负责人, 李鑫为主要执笔人。
●
相关链接 在五车中查询图书 在当当中查询图书 在豆瓣中查询图书


正题名:互联网时代的银行卡产业变革     索取号:F832.2/17         预约/预借

序号 登录号 条形码 馆藏地/架位号 状态 备注
1 2001328483   2001328483   315书库/ [索取号:F832.2/17] 在馆    
2 2001328484   2001328484   315书库/ [索取号:F832.2/17] 在馆    
3 2001328485   2001328485   315书库/ [索取号:F832.2/17] 在馆    
4 2001328486   2001328486   315书库/ [索取号:F832.2/17] 在馆    
5 2001328487   2001328487   322书库/ [索取号:F832.2/17] 在馆    
6 2001328488   2001328488   322书库/ [索取号:F832.2/17] 在馆    
7 2001328489   2001328489   322书库/ [索取号:F832.2/17] 在馆    
8 2001328490   2001328490   322书库/ [索取号:F832.2/17] 在馆    
9 2001328491   2001328491   322书库/ [索取号:F832.2/17] 在馆    
10 2001328492   2001328492   322书库/ [索取号:F832.2/17] 在馆    
11 2001328493   2001328493   322书库/ [索取号:F832.2/17] 在馆    
12 2001328494   2001328494   322书库/ [索取号:F832.2/17] 在馆    
13 2001328495   2001328495   322书库/ [索取号:F832.2/17] 在馆    
14 2001328496   2001328496   322书库/ [索取号:F832.2/17] 在馆    
15 2001328497   2001328497   322书库/ [索取号:F832.2/17] 在馆    
16 2001328498   2001328498   322书库/ [索取号:F832.2/17] 在馆    
17 2001328499   2001328499   322书库/ [索取号:F832.2/17] 在馆    
18 2001328500   2001328500   315书库/ [索取号:F832.2/17] 在馆    
19 2001328501   2001328501   315书库/ [索取号:F832.2/17] 在馆    
20 2001328502   2001328502   322书库/ [索取号:F832.2/17] 在馆    
21 2001328503   2001328503   322书库/ [索取号:F832.2/17] 在馆    
22 2001328504   2001328504   322书库/ [索取号:F832.2/17] 在馆    
23 2001328505   2001328505   322书库/ [索取号:F832.2/17] 在馆    
24 2001328506   2001328506   322书库/ [索取号:F832.2/17] 在馆    
25 2001328507   2001328507   322书库/ [索取号:F832.2/17] 在馆    
26 2001328508   2001328508   322书库/ [索取号:F832.2/17] 在馆    
27 2001328509   2001328509   322书库/ [索取号:F832.2/17] 在馆    
28 2001328510   2001328510   322书库/ [索取号:F832.2/17] 在馆    
29 2001328511   2001328511   322书库/ [索取号:F832.2/17] 在馆    
30 2001328512   2001328512   322书库/ [索取号:F832.2/17] 在馆    
山东省滨州职业学院图书馆 欢迎您!
大连网信软件有限公司© 版权所有